000 00559nam a22002057a 4500
003 KOHA_MİRAKIL
005 20260325112016.0
008 260325b tu ||||| |||| 00| 0 tur d
020 _a9756612800
040 _aTR-AnABB
_btur
_cTR-AnABB
041 _atur
082 _a818.42
_bKES 2002
100 1 _aKeskiner, Arif
245 1 0 _aÇiçek gibi /
_cArif Keskiner
260 _aİstanbul :
_bDoğan Kitap Yayıncılık,
_c2022
300 _a327 sayfa :
_c20 cm
500 _aYazar İmzalı
650 0 4 _aTürk Edebiyatı
942 _2ddc
_cBK
999 _c10030
_d10030
900 _bCem ÖZOGLU